000 00609nam a2200241 i 4500
001 C2-0238763
003 PPAK
005 20180727201758.0
008 020428s2000 nyu |||| ||||| | eng d
020 _a0446609145
040 _aPPAK
_beng
_cPPAK
_erda
082 0 4 _a823
_223
090 0 0 _a823
_bCON
_dG
100 1 _aConnelly, Michael,
_eauthor
245 1 0 _aVoid moon
264 1 _aNew York :
_bWarner Books ,
_c2000
300 _a450 pages ;
_c17 cm
336 _2rdacontent
_atext
337 _2rdamedia
_aunmediated
338 _2rdacarrier
_avolume
650 1 0 _aEnglish fiction
942 _ddc
_cB
999 _c54087
_d54087